000
00242nam a22001097a 4500
082
_a
954.03 TUK'W
100
_a
TUKER, SIR FRANCIS
_9
57402
245
_a
WHILE MEMORY SERVES
260
_a
LONDON
_b
CASSELL
_c
1950
300
_a
668P
942
_c
BK
999
_c
582245
_d
582245